00572nam a22001934a 450000500170000000800410001701000140005802000100007203500130008203700150009504000180011008200110012824500750013926000370021430000260025150000410027765000420031870000180036020080729164931.0080416s2008 waua 001 0 eng  aENG-91512 c90.00 aEN-75045 bDBAD / PUB aDPLbEnglish  a881.08 aA contemporary anthology of poems and essays /cedited by P.P. Selvam  aChennaibB.I. Publicationsc2005 aiv, 90p.c19cm (pbk)  aIncludes bibliographical references  aEnglish poetryxHistory and criticism aSelvam, P. P.